000 00771nam a2200205Ii 4500
003 JO-AjNU
008 230605s9999||||xx |||||||||||||| ||und||
017 _a1983/3/149
040 _aJO-AjNU
_bara
_erda
_cJO-AjNU
041 _aara
050 1 4 _aHF 5549 .5 .T7.Z3888 1983
100 3 _aالزويلف، مهدي حسن,
_eauthor
_936465
245 0 0 _aاسلوب دراسة الحالة بين النظرية والتطبيق
264 3 1 _aعمان: دار مجدلاوي للنشر والتوزيع،1983
300 _a125ص
_bيحتوي على ببلوغرافية من ص117-125ص
336 _atext
_btxt
_2rdacontent
337 _aunmediated
_bn
_2rdamedia
338 _avolume
_bnc
_2rdacarrier
650 4 _aالتنمية الادارية-التدريب
_936466
999 _aA15153
_c18721
_d18721